| 000 | 00703cam a2200253 a 4500 | ||
|---|---|---|---|
| 008 | |||
| 020 | _a047184912x | ||
| 049 | _aMAIN | ||
| 090 | _aTA352 MER | ||
| 100 | 1 |
_aMeriam, J. L. _q(James L.) |
|
| 245 | 1 | 0 |
_aEngineering mechanics / _cJ.L. Meriam, L.G. Kraige. |
| 250 | _a2nd ed. | ||
| 260 |
_aNew York : _bWiley, _cc1987. |
||
| 300 |
_av. <1 > : _bill. (some col.) ; _c24 cm. |
||
| 500 | _aIncludes index. | ||
| 505 | 1 | _av. 1. Statics. | |
| 650 | 0 | _aMechanics, Applied. | |
| 700 | 1 |
_aKraige, L. G. _q(L. Glenn) |
|
| 907 |
_a.b10016673 _b09-10-18 _c17-04-03 |
||
| 003 | |||
| 005 | 20230123133656.0 | ||
| 040 | _cNUST | ||
| 942 |
_cBOOKS _kTA352 MER |
||
| 999 |
_c152679 _d152679 |
||